| 000 | 01258cab a2200361 4500 | ||
|---|---|---|---|
| 001 | ABS48955 | ||
| 008 | 090401t1993 xxu||||| |||| 00| 0 eng d | ||
| 035 | _a(Sirsi) u69240 | ||
| 041 | _aeng | ||
| 100 | _aCantlie, H. | ||
| 245 | _aHistoric timber framed buildings, their construction & repair | ||
| 260 | _c1993 | ||
| 350 | _a0 | ||
| 490 |
_aBuilding Conservation Newsletter _v(8) Summer 1993, 7-13(7) |
||
| 520 | _aA series of articles united by a common theme. Individual titles cover technical subjects such as non-destructive testing of timber; woodworm and rot; building regulations, besides a case study and book reviews. | ||
| 650 | _aAPPROVED DOCUMENTS | ||
| 650 | _aCRUCK-FRAME | ||
| 650 | _aBUILT ENVIRONMENT-BUILDING PATHOLOGY-INFESTATION (FUNGAL)-FUNGI-DRY ROT | ||
| 650 | _aBUILT ENVIRONMENT-BUILDING ELEMENTS-COMPLETE BUILDING ELEMENTS-FLOORS | ||
| 650 | _aHISTORIC BUILDINGS | ||
| 650 | _aNON-DESTRUCTIVE TESTING | ||
| 650 | _aREPAIR METHODS | ||
| 650 | _aTIMBER INTERMEDIATE FLOORS | ||
| 650 | _aTIMBER | ||
| 650 | _aTIMBER-FRAME BUILDINGS | ||
| 650 | _aTRADA | ||
| 650 | _aULTRASONIC TESTING | ||
| 650 | _aWET ROT | ||
| 690 | _aCONSERVATION | ||
| 700 | _aDemaus, R. | ||
| 942 | _n0 | ||
| 948 | _c04/03/1997 | ||
| 999 |
_c43489 _d43489 |
||